Handbuch des Bankwesens

Enregistré dans:
Détails bibliographiques
Format: Livre
Langue:allemand
Publié: Köln DuMont-Schauberg 1883
Édition:Dritte neubearbeitete Auflage
Tags: Ajouter un tag
Pas de tags, Soyez le premier à ajouter un tag!

MARC

LEADER 00000nam a2200000 4500
001 0306901
005 20250210083017.6
041 0 |a ger 
044 |a DE 
245 1 0 |a Handbuch des Bankwesens  |c Max Wirth 
250 |a Dritte neubearbeitete Auflage 
264 1 |a Köln  |b DuMont-Schauberg  |c 1883